000
00250nam a22001097a 4500
008
170124b xxu||||| |||| 00| 0 eng d
020
_a
0136274072
041
_a
eng
080
_2
2ND
_a
618.2
245
_a
NURSING THEORIES
_c
GEORGE, J.B
942
_2
udc
_c
BK
999
_c
3547
_d
3547